00464 2200193 4500001002100000005001500021008004100036020002200077035001900099041000700118082001000125090001600135100001300151245002900164260002400193300002600217500001000243650001700253INLIS00000000000222420241224112510241224||||||||| | ||| |||| || |  a978-979-054-286-0 0010-1224002224 aid0 a612.3 a612.3 AMI s0 aAminudin00aSarapan Pagi Itu Penting aBogorbQuadrac2010 aiv,76 hlm.:ilus23 cm. aCet.1 0aIlmu Terapan